Europäische Hauptstädte - Sudden Death - Statistiken

Allgemein
  • Dieses Quiz wurde 58.270 mal gespielt
  • Das Durchschnittsergebnis liegt bei 15 aus 24
Answers on the Grid
Answers color-coded by a green-red scale on the quiz's grid according to % correct below.
Antwerpen
Athen
Basel
Belgrad
Bern
Brünn
Budapest
Chisinau
Dublin
Glasgow
Göteborg
Hamburg
Helsinki
Iraklion
Istanbul
Köln
Konstanza
Kopenhagen
Krakau
Ljubljana
London
Luxemburg
Mailand
Marseille
Minsk
München
Podgorica
Porto
Reykjavík
Rotterdam
Sarajevo
Sofia
Split
St. Petersburg
Stockholm
Tallinn
Tirana
Vaduz
Valletta
Venedig
Vilnius
Wien
Wolgograd
Zagreb
Zürich
 
Antwortstatistiken
Antwort % Korrekt
Athen
94%
Budapest
81%
Dublin
79%
Bern
76%
Belgrad
72%
Helsinki
70%
London
65%
Kopenhagen
62%
Luxemburg
62%
Wien
61%
Sofia
59%
Reykjavík
56%
Stockholm
56%
Ljubljana
55%
Tallinn
55%
Zagreb
55%
Sarajevo
53%
Minsk
52%
Vilnius
52%
Tirana
51%
Vaduz
50%
Chisinau
49%
Valletta
46%
Podgorica
41%
Keine übereinstimmenden Quizze gefunden
Verteilung der Resultate
Anzahl Personen mit jedem Resultat
Perzentil nach korrekt beantworteten Fragen
Ihre Resultats-Entwicklung
Sie haben dieses Quiz noch nicht gespielt